7 letter word chain - Statistics

General Stats
  • This quiz has been taken 33 times
  • The average score is 12 of 15
Answer Stats
Hint Answer % Correct
Tallest land animal Giraffe
100%
Years in a century Hundred
97%
8 sided shape Octagon
91%
Mythical fire breathers Dragons
88%
People who work on a boat Sailors
82%
Not whispered Shouted
82%
Baby frog Tadpole
82%
Dairy product Yoghurt
82%
No ears Earless
79%
Not well behaved Naughty
79%
Adhesive label Sticker
79%
Smoked in cigarettes Tobacco
73%
Game played with spotted tiles Dominos
67%
Ask Request
67%
Ear jewellery Earring
61%
No matching quizzes found
Score Distribution
Percent of People with Each Score
Percentile by Number Answered
Your Score History
You have not taken this quiz